El color en el interiorismo / (Registro nro. 2206)
[ vista simple ]
| 000 -LEADER | |
|---|---|
| fixed length control field | 00787nam a2200229Ia 4500 |
| 003 - CONTROL NUMBER IDENTIFIER | |
| control field | PE SENCICO BE |
| 005 - DATE AND TIME OF LATEST TRANSACTION | |
| control field | 20251020182535.0 |
| 008 - FIXED-LENGTH DATA ELEMENTS--GENERAL INFORMATION | |
| fixed length control field | 200515s9999 xx ao 000 0 und d |
| 020 ## - INTERNATIONAL STANDARD BOOK NUMBER | |
| International Standard Book Number | 84-8076-077-X |
| 040 ## - CATALOGING SOURCE | |
| Original cataloging agency | PE SENCICO BE |
| Transcribing agency | PE SENCICO BE |
| 082 ## - DEWEY DECIMAL CLASSIFICATION NUMBER | |
| Classification number | 72.019 |
| Item number | A91 |
| 100 1# - MAIN ENTRY--PERSONAL NAME | |
| Personal name | Aves, Melanie |
| 9 (RLIN) | 19 |
| 245 10 - TITLE STATEMENT | |
| Title | El color en el interiorismo / |
| Statement of responsibility, etc. | Melanie Aves, Jhon Aves |
| 260 ## - PUBLICATION, DISTRIBUTION, ETC. | |
| Place of publication, distribution, etc. | Barcelona: |
| Name of publisher, distributor, etc. | Blume, |
| Date of publication, distribution, etc. | 1994 |
| 300 ## - PHYSICAL DESCRIPTION | |
| Extent | 165 p.: |
| Other physical details | il. col., fotog.; |
| Dimensions | 23 cm. |
| 520 ## - SUMMARY, ETC. | |
| Summary, etc. | Colores primarios, colores secundarios, colores pastel, neutros, modificar el color, etc. |
| 650 10 - SUBJECT ADDED ENTRY--TOPICAL TERM | |
| Topical term or geographic name entry element | Artes visuales |
| 9 (RLIN) | 17 |
| 650 20 - SUBJECT ADDED ENTRY--TOPICAL TERM | |
| Topical term or geographic name entry element | Arquitectura de interiores |
| 9 (RLIN) | 8 |
| 650 20 - SUBJECT ADDED ENTRY--TOPICAL TERM | |
| Topical term or geographic name entry element | Color en la arquitectura |
| 9 (RLIN) | 30 |
| 700 1# - ADDED ENTRY--PERSONAL NAME | |
| 9 (RLIN) | 20 |
| Personal name | Aves, Jhon |
| 942 ## - ADDED ENTRY ELEMENTS (KOHA) | |
| Koha item type | Libros |
| Source of classification or shelving scheme | Dewey Decimal Classification |
| Classification part | 72.019 |
| Item part | A91 |
| Fecha de la última vez que lo usaron | Pago total | Signatura topográfica completa | Código de barras | Precio efectivo desde | Tipo de documento | Estado perdido | Estado dañado | No es para préstamo | Retirado | Ubicación permanente | Ubicación actual | Fecha de adquisición |
|---|---|---|---|---|---|---|---|---|---|---|---|---|
| 15/05/2020 | 72.019/A91 | Bib-Lima15052206 | 15/05/2020 | Libros | Biblioteca Central Lima | Biblioteca Central Lima | 15/05/2020 |